00932nam a22002657a 45000010005000000030006000050050017000110080041000280200018000690400029000870500017001160820012001331000025001452450089001702500041002592600040003003000022003405050007003625200154003695210018005235210018005416500039005596500038005987000030006367189FISKH20250702085842.0250702b cb ||||| |||| 00| 0 eng d a9780842341226 aFISKHbengcFISKHdFISKH aPZ7.M98234 I a 813.54 aMyers, Billd(1953-) aThe new adventures Mcgee and me :bIn the Nick of time /cBill Myers and Robert West aThis edition first published in 1992 aCalifornia :bTynadale House.c1992 a83 pages :c20 cm aN  aWhile mountain climbing with his father and friends in California, seventh grader Nick calls on God to help him deal with various fears and dangers. 8 a590 bLexile 8 aN bRaz-Plus  2Children's fictionaMountaineering 2 Elementary FictionaMcGee and Me aWest, Robertdillustrator